СССР-са народнöй овмöс развитиелöн коймöд пятилетней план (1938-1942 вояс) (Запись № 10250450)

Подробности
000 -МАРКЕР
контрольное поле 02359nam0a2200349 4500
001 - ИДЕНТИФИКАТОР ЗАПИСИ
контрольное поле RU\NLR\ONL1\19941
005 - ИДЕНТИФИКАТОР ВЕРСИИ
контрольное поле 20260406112251.0
035 ## - ДРУГИЕ СИСТЕМНЫЕ НОМЕРА
Идентификатор записи (NLR Aleph) 010205665
100 ## - ДАННЫЕ ОБЩЕЙ ОБРАБОТКИ
Данные общей обработки 20120625d1939 |||y0rusy50 ca
101 0# - ЯЗЫК РЕСУРСА
Язык текста, звукозаписи и т.д. коми (коми-зырянский)
102 ## - СТРАНА ПУБЛИКАЦИИ ИЛИ ПРОИЗВОДСТВА
Страна публикации Российская Федерация
105 ## - ПОЛЕ КОДИРОВАННЫХ ДАННЫХ: ТЕКСТОВЫЕ МАТЕРИАЛЫ, МОНОГРАФИЧЕСКИЕ
Кодированные данные о монографическом текстовом документе y |||||||||
135 ## - ПОЛЕ КОДИРОВАННЫХ ДАННЫХ: ЭЛЕКТРОННЫЕ РЕСУРСЫ
Кодированные данные для электронного ресурса crcn mmmanaba
200 1# - ЗАГЛАВИЕ И СВЕДЕНИЯ ОБ ОТВЕТСТВЕННОСТИ
Основное заглавие СССР-са народнöй овмöс развитиелöн коймöд пятилетней план (1938-1942 вояс)
Сведения, относящиеся к заглавию ВКП(б) XVIII-öд съезд вылын В. Молотов ёрт докладлöн тезисъяс, кодъясöс кызвыннас ошкöма ВКП(б) ЦК Политбюроöн
-- съезд сёрнитанторлöн мöдöд пункт
210 ## - ПУБЛИКАЦИЯ, РАСПРОСТРАНЕНИЕ И ДР.
Место издания, распространения и т.д. Сыктывкар
Имя издателя, распространителя и т. д. Коми госиздат
Дата издания, распространения и т.д. 1939
215 ## - ФИЗИЧЕСКАЯ ХАРАКТЕРИСТИКА
Специфическое обозначение материала и объем 62,[1] c.
Размеры 17
300 ## - ОБЩИЕ ПРИМЕЧАНИЯ
Текст примечания На тит л. и обл.: ВКП(б) XVIII съезд вылын В. Молотов ёрт да А. Жданов ёрт докладяслöн тезисъяс
325 1# - ПРИМЕЧАНИЕ О КОПИИ
Текст примечания Копия доступна в электронной библиотеке РНБ
423 #0 - ИЗДАЕТСЯ В ОДНОЙ ОБЛОЖКЕ ВМЕСТЕ С ...
Встроенное поле 2001#$aВКП(б) уставын вежсöмъяс$eВКП(б) XVIII-öд съезд вылын А. Жданов ёрт докладлöн тезисъяс
-- 700#1$aЖданов$bА. А.$gАндрей Андреевич$4070
-- 210##$aСыктывкар$d1939
-- 215##$aС. 43-63
Заглавие ВКП(б) уставын вежсöмъяс
Автор Жданов, Андрей Андреевич
512 1# - ЗАГЛАВИЕ ОБЛОЖКИ
Заглавие обложки ВКП(б) XVIII съезд вылын В. Молотов ёрт да А. Жданов ёрт докладяслöн тезисъяс
541 1# - ПЕРЕВОД ЗАГЛАВИЯ, СДЕЛАННЫЙ КАТАЛОГИЗАТОРОМ
Заглавие Третий пятилетний план развития народного хозяйства СССР (1938-1942 гг.)
Язык заглавия русский
686 1# - ИНДЕКСЫ ДРУГИХ КЛАССИФИКАЦИЙ
Индекс Ф61(2)11
700 #1 - ИМЯ ЛИЦА - ПЕРВИЧНАЯ ОТВЕТСТВЕННОСТЬ
Код отношения Прочие
Материалы, к которым относится поле rus
Графика поля Кириллица
Начальный элемент ввода Молотов
Часть имени, кроме начального элемента ввода В. М.
Даты 1890-1986
Расширение инициалов личного имени Вячеслав Михайлович
Идентификатор авторитетной/нормативной записи RU\NLR\auth\77127154
Системный номер авторитетной/нормативной записи 110078
801 #0 - ИСТОЧНИК ЗАПИСИ
Страна Российская Федерация
Организация NLR
Дата составления 20120625
Правила каталогизации PSBO
852 ## - МЕСТОНАХОЖДЕНИЕ И ШИФР ХРАНЕНИЯ
Идентификатор организации NLR
Наименование фонда или коллекции (Sub-Location Identifier) ОНЛ
Шифр хранения (Call Number) Коми-з./2-62
901 ## - ДАННЫЕ ОБ ОБЪЕКТЕ ОЦИФРОВКИ
-- Книжные издания
942 ## - ДОПОЛНИТЕЛЬНЫЕ ЭЛЕМЕНТЫ ЗАПИСИ (АБИС)
Тип экземпляра АБИС Книга
980 ## - КОЛЛЕКЦИЯ
Название коллекции Национальная библиография
981 23 - КОЛЛЕКЦИЯ ЭЛЕКТРОННОЙ БИБЛИОТЕКИ
Название коллекции Национальные литературы
Название подколлекции Книги на национальных языках
Экземпляры
Тип экземпляра Дата поступления Источник поступления Библиотека постоянного хранения Библиотека текущего хранения Место хранения Шифр хранения Штрих-код Статус экземпляра
Книга 08.09.2014 Обязательный экземпляр РНБ (Московский) РНБ (Московский) Фонд национальных литератур ОНЛ Коми-з./2-62 1-385378